00210nam a2200085Ia 4500008004100000100001400041245005400055260000900109300000600118180219s9999 xx 000 0 und d aYadav K S 0aBasic Civil Engineering And Engineering Mechanics c2011 a0